LEADER 01026nam0-22003731i-450- 001 990007240160403321 005 20151119112806.0 010 $a88-14-04112-1 035 $a000724016 035 $aFED01000724016 035 $a(Aleph)000724016FED01 035 $a000724016 100 $a20021021d1993----km-y0itay50------ba 101 0 $aita 200 1 $a<>nuova legge marchi$ecodice e commento alla riforma$fAdriano Vanzetti 210 $aMilano$cGiuffrè$d1993 215 $aVIII, 239 p.$d22 cm 676 $a346.07 676 $a346.45048802638 700 1$aVanzetti,$bAdriano$0132947 801 0$aIT$bUNINA$gRICA$2UNIMARC 901 $aBK 912 $a990007240160403321 952 $aDPR 20-587$b13148$fDEC 952 $aIV D 84$b25535$fFSPBC 952 $a12-B-108$b5254$fDDCP 952 $aA-V-G-61$b7731 dip.$fDDRC 952 $aA-V-G-43;61$b7731, 3624 dip.$fDDRC 959 $aDEC 959 $aDDRC 959 $aDDCP 959 $aFSPBC 996 $aNuova legge marchi$9145162 997 $aUNINA LEADER 03174nam 2200613 450 001 9910831086503321 005 20230421045453.0 010 $a1-282-17181-X 010 $a9786612171819 010 $a1-4443-0685-5 010 $a1-4443-0686-3 035 $a(CKB)1000000000748757 035 $a(EBL)437468 035 $a(OCoLC)609839486 035 $a(SSID)ssj0000354139 035 $a(PQKBManifestationID)11273846 035 $a(PQKBTitleCode)TC0000354139 035 $a(PQKBWorkID)10320229 035 $a(PQKB)11689385 035 $a(MiAaPQ)EBC437468 035 $a(EXLCZ)991000000000748757 100 $a20160805h19931993 uy 0 101 0 $aeng 135 $aur|n|---||||| 181 $ctxt 182 $cc 183 $acr 200 00$aElectronic technologies and instruction $etools, users, and power /$fFrank A. Dubinskas and James H. McDonald, eds 210 1$aArlington, Virginia :$cAmerican Anthropological Association,$d1993. 210 4$d©1993 215 $a1 online resource (98 p.) 225 1 $aNAPA Bulletin ;$v12 300 $aDescription based upon print version of record. 311 $a0-913167-57-6 320 $aIncludes bibliographical references at the end of each chapters. 327 $aElectronic Technologies and Instruction: Tools, Users, and Power; Contents; Introduction; Knowledge Building and Knowledge Access: Teaching with Electronic Tools; Articles; Interactive Courseware in Anthropology Classrooms; Hypertext Indexing Applied to Computer-Mediated Conferencing and Teaching: An Aid to Group Memory; Distance Education in Anthropology: Telecourses as a Teaching Strategy; The Interpenetration of Technology and Institution: An Assessment of an Educational Computer Conferencing System; When Freedom of Choice Fails: Ideology and Action in a Secondary School Hypermedia Project 327 $aCommentariesRomancing the User: Hi-Tech Teaching in Anthropology and Industry; Technology for Failure: Skeptical Perspectives on Alternate and Hi-tech Teaching Methodologies; About the Contributors 330 $aNAPA Bulletin is a peer reviewed occasional publication of the National Association for the Practice of Anthropology, dedicated to the practical problem-solving and policy applications of anthropological knowledge and methods.peer reviewed publication of the National Association for the Practice of Anthropologydedicated to the practical problem-solving and policy applications of anthropological knowledge and methodsmost editions available for course adoption 410 0$aNAPA bulletin ;$v12. 606 $aAnthropology$xStudy and teaching$xData processing 606 $aAnthropology$xComputer-assisted instruction 615 0$aAnthropology$xStudy and teaching$xData processing. 615 0$aAnthropology$xComputer-assisted instruction. 676 $a301.028 676 $a301/.0285 702 $aDubinskas$b Frank A$g(Frank Anthony), 702 $aMcDonald$b James H. 801 0$bMiAaPQ 801 1$bMiAaPQ 801 2$bMiAaPQ 906 $aBOOK 912 $a9910831086503321 996 $aElectronic technologies and instruction$92134436 997 $aUNINA LEADER 03010nam 22006015 450 001 9910746965903321 005 20251014073356.0 010 $a3-031-44053-6 024 7 $a10.1007/978-3-031-44053-3 035 $a(MiAaPQ)EBC30771298 035 $a(CKB)28464911200041 035 $a(Au-PeEL)EBL30771298 035 $a(DE-He213)978-3-031-44053-3 035 $a(PPN)272915041 035 $a(EXLCZ)9928464911200041 100 $a20231004d2023 u| 0 101 0 $aeng 135 $aurcnu|||||||| 181 $ctxt$2rdacontent 182 $cc$2rdamedia 183 $acr$2rdacarrier 200 10$aPractical Applications of Stochastic Modelling $e11th International Workshop, PASM 2022, Alicante, Spain, September 23, 2022, Revised Selected Papers /$fedited by Matthew Forshaw, Katja Gilly, William Knottenbelt, Nigel Thomas 205 $a1st ed. 2023. 210 1$aCham :$cSpringer Nature Switzerland :$cImprint: Springer,$d2023. 215 $a1 online resource (140 pages) 225 1 $aCommunications in Computer and Information Science,$x1865-0937 ;$v1786 311 08$a9783031440526 327 $aPerformance modelling of attack graphs -- Towards Calculating the Resilience of a Urban Transport Network under Attack -- Analysis of the Battery Level in Complex Wireless Sensor Networks using a Two Time Scales Second Order Fluid Model -- To Confine or not to Confine: A Mean Field Game Analysis of the End of an Epidemic -- Data Center Organization and Optimization Strategy as a k-ary n-cube Topology -- Towards energy-aware management of shared printers -- Modelling Performance and Fairness of Frame Bursting in IEEE 802.11n using PEPA. 330 $aThis book constitutes the referred proceedings of the 11th International Workshop on Practical Applications of Stochastic Modelling, PASM 2022, was held in Alicante, Spain, in September 2022. The 7 full papers presented in this volume were carefully reviewed and selected from 9 submissions. The papers demonstrate a diverse set of applications and approaches of stochastic modelling. 410 0$aCommunications in Computer and Information Science,$x1865-0937 ;$v1786 606 $aStochastic models 606 $aStochastic processes 606 $aApplication software 606 $aStochastic Modelling in Statistics 606 $aStochastic Modelling 606 $aStochastic Networks 606 $aComputer and Information Systems Applications 615 0$aStochastic models. 615 0$aStochastic processes. 615 0$aApplication software. 615 14$aStochastic Modelling in Statistics. 615 24$aStochastic Modelling. 615 24$aStochastic Networks. 615 24$aComputer and Information Systems Applications. 676 $a519.2 700 $aForshaw$b Matthew$01431374 801 0$bMiAaPQ 801 1$bMiAaPQ 801 2$bMiAaPQ 906 $aBOOK 912 $a9910746965903321 996 $aPractical Applications of Stochastic Modelling$93573695 997 $aUNINA